000 00959nam a2200217Ia 4500
999 _c43376
_d43376
003 GCL
005 20240530103916.0
008 140319s9999 xx 000 0 ara d
040 _aGCL /
_cGCL
082 0 4 _a953.071
_bم ا
100 1 _aالمقرى ، ابوالعباس احمد بن محمد بن احمد بن يحيى بن عبدالرحمن بن ابى العيش
245 1 0 _aالاندلس من نفح الطيب /
_cالمقرى ، ابوالعباس احمد بن محمد بن احمد بن يحيى بن عبدالرحمن بن ابى العيش ؛ قدمت له نجاح العطار
260 _aدمشق :
_bمنشورات وزارة الثقافة ،
_c1990
300 _a627 ص :
_bخرائط لو ؛
_c24 سم
490 _a100 قصة
_v0
650 _aالاندلس
_vتاريخ
700 1 _aنجاح العطار
700 1 _aعدنان درويش
_eاعداد
700 1 _aمحمد المصرى
_eاعداد
942 _2ddc
_cBK